<?xml version="1.0" encoding="UTF-8"?>
<collection xmlns="http://www.loc.gov/MARC21/slim">
 <record>
  <leader>01051nam a2200229   4500</leader>
  <controlfield tag="001">1/29311</controlfield>
  <controlfield tag="008">060328s1985    sz            000 0 eng  </controlfield>
  <datafield tag="035" ind1=" " ind2=" ">
   <subfield code="l">31407</subfield>
  </datafield>
  <datafield tag="040" ind1=" " ind2=" ">
   <subfield code="a">DLC</subfield>
   <subfield code="b">GR-PeUP</subfield>
  </datafield>
  <datafield tag="082" ind1="0" ind2="0">
   <subfield code="a">025.3 DOC</subfield>
  </datafield>
  <datafield tag="245" ind1="0" ind2="0">
   <subfield code="a">Documentation, methods for examining documents, determining their subjects, and selecting indexing terms =</subfield>
   <subfield code="b">Documentation, methodes pour l'analyse des documents, la determination de leur contenu et la sιlection des termes d'indexation</subfield>
  </datafield>
  <datafield tag="246" ind1="1" ind2="3">
   <subfield code="a">ISO 5963</subfield>
  </datafield>
  <datafield tag="246" ind1="3" ind2=" ">
   <subfield code="a">Documentation, methodes pour l'analyse des documents, la determination de leur contenu et la sιlection des termes d'indexation</subfield>
  </datafield>
  <datafield tag="260" ind1=" " ind2=" ">
   <subfield code="a">Geneva :</subfield>
   <subfield code="b">ISO,</subfield>
   <subfield code="c">1985</subfield>
  </datafield>
  <datafield tag="300" ind1=" " ind2=" ">
   <subfield code="a">iii, 5 σ. ;</subfield>
   <subfield code="c">30 εκ.</subfield>
  </datafield>
  <datafield tag="490" ind1="1" ind2=" ">
   <subfield code="a">International standard ;</subfield>
  </datafield>
  <datafield tag="500" ind1=" " ind2=" ">
   <subfield code="a">1985-12-01</subfield>
  </datafield>
  <datafield tag="500" ind1=" " ind2=" ">
   <subfield code="a">Reference number: ISO 5963-1985(E)</subfield>
  </datafield>
  <datafield tag="650" ind1=" " ind2="4">
   <subfield code="a">Indexing</subfield>
   <subfield code="x">Documentation</subfield>
   <subfield code="x">Standards.</subfield>
  </datafield>
  <datafield tag="710" ind1="2" ind2=" ">
   <subfield code="a">International Organization for Standardization.</subfield>
  </datafield>
  <datafield tag="830" ind1=" " ind2=" ">
   <subfield code="a">International standard ;</subfield>
   <subfield code="v">ISO 5963</subfield>
  </datafield>
  <datafield tag="852" ind1=" " ind2=" ">
   <subfield code="a">INST</subfield>
   <subfield code="b">UNIPILB</subfield>
   <subfield code="c">MAIN</subfield>
   <subfield code="e">20060202</subfield>
   <subfield code="h">025.3 DOC</subfield>
   <subfield code="p">00150337</subfield>
   <subfield code="q">00150337</subfield>
   <subfield code="t">NOLOAN</subfield>
   <subfield code="y">23</subfield>
   <subfield code="4">1</subfield>
  </datafield>
 </record>
</collection>
